LEADER 01104nas a2200217 i 4500 001 000000025274 003 CaOOAMICUS 005 20240408115014.0 008 180830s2003 it u0 ita u 040 $aSeMil$bita 100 1 $aBaldi, Guido,$d<1942- >.$0(OLS)http://semarc/name/11184 245 10$aDal testo alla storia, dalla storia al testo /$cGuido Baldi ... [et al.]. 260 $aTorino :$bParavia,$c2003- 300 $a10 v. ;$c26 cm. 650 4$aLetteratura italiana - Storia.$0(OLS)http://semarc/subject/541 774 0 $aBaldi, Guido <1942- >$tDalle origini all'età della Controriforma.$dTorino : Paravia, copyr. 2003.$z88-395-1636-0$g1$w()25275 774 0 $aBaldi, Guido <1942- >$tDal Barocco al Romanticismo.$dTorino : Paravia, 2003.$z88-395-1637-9$g2$w()25276 774 0 $aBaldi, Guido <1942- >$tDalla Scapigliatura al Postmoderno.$dTorino : Paravia, 2003.$z88-395-1639-5$z88-395-1638-7$g3$w()25277 996 $6245$aDal testo alla storia, dalla storia al testo$9(OLS)http://semarc/title/34030 996 $6260$aTorino :$bParavia$9(OLS)http://semarc/publisher/30028 LEADER 01033nam a2200253 i 4500 001 000000190505 003 CaOOAMICUS 005 20100618000000.0 008 100618s1984 it u000 u ita u 013 $a168918 040 $aSeMil$bita 245 13$aIl monumento a Paolo 6. /$ca cura della diocesi di Brescia. 260 $a[S.l. :$bs.n.],$cstampa 1984. 300 $a152 p. :$briccamente ill. ;$c37 cm. 500 $aFondo Card. C.M. Martini. 650 4$aBrescia - Chiese - Cattedrale di Santa Maria Assunta (Duomo).$0(OLS)http://semarc/subject/21494 650 4$aPaolo VI - Iconografia.$0(OLS)http://semarc/subject/21495 710 2 $aDiocesi di Brescia.$0(OLS)http://semarc/name/1799 850 $aSeMil 852 $aSeMil$W1$xVenegono$y1$m3100 38 *$j141123$B141123$CSeMilBibl$Z2$F152728 $81 941 1 $a4 961 $aOmaggio: Martini Card. Carlo Maria 996 $6245$aIl monumento a Paolo 6.$9(OLS)http://semarc/title/170944 996 $6260$a[S.l. :$bs.n.]$9(OLS)http://semarc/publisher/29751